Statistics for the vamps "wake up" all album songs

Click here to take the quiz!

General Stats

  • This quiz has been taken 7 times
  • The average score is 16 of 19

Answer Stats

Hintsong% Correct
2rest your love
100%
3volcano
100%
1wake up
100%
type in wake up
to complete <3
wake up
100%
15worry
100%
8be with you
80%
11boy without a car
80%
10cheater
80%
16coming home
80%
12held by me
80%
7i found a girl
80%
4million words
80%
17peace of mind
80%
14runaway
80%
6stolen moments
80%
5windmills
80%
18written off
80%
9burn
60%
13half way there
60%

Score Distribution

Percentile by Number Answered

Percent of People with Each Score

Your Score History

You have not taken this quiz